Hoe om ñ hart te steel / (Record no. 796813)

MARC details
000 -LEADER
fixed length control field 00566nam a22002057a 4500
003 - CONTROL NUMBER IDENTIFIER
control field 3228
005 - DATE AND TIME OF LATEST TRANSACTION
control field 20260420103546.0
008 - FIXED-LENGTH DATA ELEMENTS--GENERAL INFORMATION
fixed length control field 260420b sa ||||e |||| 00| 1 AFR d
020 ## - INTERNATIONAL STANDARD BOOK NUMBER
International Standard Book Number 33228031165473 (softback)
020 ## - INTERNATIONAL STANDARD BOOK NUMBER
International Standard Book Number 9781776359233 (ePub)
040 ## - CATALOGING SOURCE
Original cataloging agency MPL
Language of cataloging eng
Transcribing agency 3228
Description conventions Resource Description and Access
041 ## - LANGUAGE CODE
Language code of text/sound track or separate title Afrikaans
082 #0 - DEWEY DECIMAL CLASSIFICATION NUMBER
Classification number AF POTG
100 ## - MAIN ENTRY--PERSONAL NAME
9 (RLIN) 182656
Personal name Potgieter, Didi
Relator term author
245 ## - TITLE STATEMENT
Title Hoe om ñ hart te steel /
Statement of responsibility, etc. Author: Didi Potgieter
250 ## - EDITION STATEMENT
Edition statement First edition
260 ## - PUBLICATION, DISTRIBUTION, ETC.
Place of publication, distribution, etc. Midrand
Name of publisher, distributor, etc. Romanza
Date of publication, distribution, etc. © 2023
300 ## - PHYSICAL DESCRIPTION
Extent 189 pages :
Dimensions 18 cm
942 ## - ADDED ENTRY ELEMENTS
Source of classification or shelving scheme Dewey Decimal Classification
item type Books
-- 245
-- Izakina Blanche
-- 245
-- Izakina Blanche
Holdings
Withdrawn status Lost status Source of classification or shelving scheme Damaged status Not for loan Collection code Home library Current library Shelving location Date acquired Total Checkouts Full call number Barcode Date last seen Price effective from item type Public note
    Dewey Decimal Classification     Fiction Middelburg Regional Library Jeremiah Madonsela Public Library Fiction 20.04.2026   AF POTG 33228031165473 20.04.2026 20.04.2026 Books 796813